000
00247nam a2200097Ia 4500
001
689689
005
20250826161639.0
008
250824s9999 xx 000 0 und d
245
0
_a
HER ŞEY SENİNLE BAŞLAR
_c
MÜMİN SEKMAN
260
_b
ALFA YAYINLARI
999
_c
689689
_d
689689